Elenca la formazione - Quiz n°54 - Statistics

Statistiche generali
  • Questo quiz è stato fatto 58 volte
  • Il punteggio medio è 7 su 11
Statistiche sulle risposte
Ruolo Nazione Calciatore % Corretto
Attaccante Gabon Pierre-Emerick Aubameyang
100%
Difensore Germania Mats Hummels
94%
Attaccante Germania Marco Reus
89%
Attaccante Armenia Henrikh Mkhitaryan
87%
Portiere Svizzera Roman Bürki
77%
Difensore Polonia Łukasz Piszczek
72%
Centrocampista Germania İlkay Gündoğan
45%
Centrocampista Germania Marcel Schmelzer
40%
Difensore Germania Sven Bender
30%
Centrocampista Germania Julian Weigl
28%
Centrocampista Germania Erik Durm
15%
Nessun quiz corrispondente trovato
Distribuzione punteggi
Percentuale di utenti per punteggio
Percentile per numero di risposta
I tuoi punteggi nel tempo
Non hai fatto questo quiz